| 000 | 00968nam a22002417a 4500 | ||
|---|---|---|---|
| 008 | 240608b mp ||||| |||| 00| 0 mon d | ||
| 020 | _a978-99973-1-472-7 | ||
| 035 | _a16739 | ||
| 040 |
_aDU1548031 _bmon _cMN-UlNLM _dMN-UlNLM _erda |
||
| 041 | _amon | ||
| 042 | _a41589 | ||
| 084 |
_2NNA _a84(4ИхБр) _bК-92 |
||
| 100 | _aКинни Ж. | ||
| 245 | 0 | _aДүрсгүй жаалын өдрийн тэмдэглэл | |
| 264 |
_aУлаанбаатар _bАдмон ХХК _c2017 |
||
| 300 | _a248 | ||
| 336 |
_2rdacontent _atext _btxt |
||
| 337 |
_2rdamedia _aunmediated _bn |
||
| 338 |
_2rdacarrier _avolume _bnc |
||
| 490 |
_aДүрсгүй жаалын өдрийн тэмдэглэл _v1 |
||
| 650 | _aЮун түрүүнд, энд нэгэн зүйлийг анхааруулан хэлье. Чиний гартаа бариад уншиж байгаа энэхүү бичвэр нь "Өдприйн тэмдэглэл" биш ха... | ||
| 942 |
_2NNA _cBK |
||
| 999 |
_c841684 _d841741 |
||